| 000 | 00817nam a2200241 i 4500 | ||
|---|---|---|---|
| 001 | 118794 | ||
| 003 | ES-MaACL | ||
| 005 | 20260129170028.0 | ||
| 007 | t| | ||
| 008 | 070214s1956 sp 00110 spa d | ||
| 100 | 1 |
_aPetrie, Charles. _991541 |
|
| 245 | 1 | 3 |
_aLa monarquía en el siglo XX / _cCharles Petrie ; prólogo de Jorge Vigón ; traducción de Carmela Gutiérrez de Gambra. |
| 260 |
_aMadrid : _bRialp, _c1956. |
||
| 300 |
_a311 p. ; _c19 cm. |
||
| 490 | 1 |
_aBiblioteca del pensamiento actual ; _v42 |
|
| 650 | 4 |
_aMonarquía- _zEuropa. _9163471 |
|
| 651 | 4 |
_aEuropa- _xHistoria- _yS.XX. _98614 |
|
| 700 | 1 |
_aVigón, Jorge. _9114665 |
|
| 700 | 1 |
_aGutiérrez de Gambra, Carmen. _961119 |
|
| 830 | 1 |
_aBiblioteca del pensamiento actual _v42 _9181187 |
|
| 852 |
_aES-MaACL _jC-10524 |
||
| 999 |
_c118794 _d118794 |
||